000 00530nam a2200169 i 4500
001 80013
003 ES-MaACL
005 20230906174115.0
007 t|
008 041026s1966 sp ||||1| spa d
100 1 _aHinnebusch, Paul.
_963766
245 1 3 _aLa vida religiosa, liturgia viva /
_cpor Paul Hinnebusch ; [traducido por Tomás Rodríguez Miranda].
260 _aSantander :
_bSal Terrae,
_c[1966]
300 _a257 p. ;
_c22 cm.
700 1 _aRodríguez Miranda, Tomás.
_998666
852 _aES-MaACL
_jC-30954
_bR.61624
999 _c80013
_d80013